Contribution à l'amélioration de la qualité des inventaires des gaz à effet de serre au Bénin :Secteur de l'agriculture (Record no. 47804)

MARC details
000 -LEADER
fixed length control field 00599nam a22001697a 4500
003 - CONTROL NUMBER IDENTIFIER
control field 0
005 - DATE AND TIME OF LATEST TRANSACTION
control field 20160609165841.0
008 - FIXED-LENGTH DATA ELEMENTS--GENERAL INFORMATION
fixed length control field 101001t xxu||||| |||| 00| 0 eng d
040 ## - SOURCE DU CATALOGAGE
Transcribing agency BIBLIOTHEQUE EPAC
100 ## - VEDETTE PRINCIPALE - NOM DE PERSONNE
Personal name Dossa ,Adjovi fleur Eunie
9 (RLIN) 9262
130 ## - VEDETTE PRINCIPALE - TITRE UNIFORME
Language of a work fr
9 (RLIN) 9263
245 ## - TITLE STATEMENT
Title Contribution à l'amélioration de la qualité des inventaires des gaz à effet de serre au Bénin :Secteur de l'agriculture
260 ## - PUBLICATION, DISTRIBUTION, ETC. (IMPRINT)
Place of publication, distribution, etc EPAC -UAC
Name of publisher, distributor, etc EPAC-UAC
Date of publication, distribution, etc 2006-2007
300 ## - PHYSICAL DESCRIPTION
Extent 81P.
650 ## - SUBJECT ADDED ENTRY--TOPICAL TERM
Topical term or geographic name as entry element GAZ A EFFET DE SERRE ;CHANGEMENT CLIMATIQUE;PRODUCTION AGRICOLE; FACTEURS D'EMISSION
9 (RLIN) 9264
942 ## - ADDED ENTRY ELEMENTS (KOHA)
Koha item type Livre
Holdings
Withdrawn status Lost status Damaged status Not for loan Location (home branch) Sublocation or collection (holding branch) Date acquired Koha issues (times borrowed) Koha full call number Piece designation (barcode) Koha date last seen Price effective from Koha item type
        Bibliothèque Ecole Polytechnique d'Abomey-Calavi Bibliothèque Ecole Polytechnique d'Abomey-Calavi 01/10/2010   26.APE/DOS M15572 01/10/2010 01/10/2010 Thèse et Memoire
        Bibliothèque Ecole Polytechnique d'Abomey-Calavi Bibliothèque Ecole Polytechnique d'Abomey-Calavi 01/10/2010   26.APE/DOS M15573 01/10/2010 01/10/2010 Thèse et Memoire


© 2008, Bibliothèques de l'Université d'Abomey-Calavi

04 BP 789 Cotonou, Tél. : +229 21 36 01 01, Fax : +229 21 35 06 32

Courriel : bu@bu.uac.bj